000 00431nam a2200193Ia 4500
005 20240823020955.0
008 240823s9999||||xx |||||||||||||| ||und||
020 _a0-7493-9920-1
041 _aENGLISH
082 _A807 N8
100 _aNaipaul V S
245 0 _aIndia : A Mutinies Now
250 _a1st
260 _c1998
_b"Vintage,New"
500 _aYES
650 _aGeneral
_bGeneral
942 _cBK
999 _c175996
_d175996